000 01806nam a2200445 c 4500
999 _c48840
_d48840
001 48840
003 ES-MaCES
005 20180118122043.0
007 cr |||||||||||
008 170206s2016 lu r m000 | eng d
020 _a9789289714693
020 _a9789289714686 (pdf)
040 _aES-MaCES
_bspa
_cES-MaCES
100 1 _911906
_aFernández Macías, Enrique
245 1 0 _aWhat do Europeans do at work?
_hRecurso electrónico
_b: a task-based analysis : European Jobs Monitor 2016
_c[authors, Enrique Fernández-Macías, John Hurley and Martina Bisello ; Eurofound]]
260 _aLuxembourg
_bPublications Office of the European Union
_c2016
300 _a1 documento pdf
_bgráf. col.
_c(1,40 mb)
500 _aEurofound: European Foundation for the Improvement of Living and Working Conditions
504 _aBibliografía: p. 81-84
541 _cGratuito
650 4 _amercado de trabajo
_928292
650 4 _aempleo
_928299
650 4 _aocupación
_928402
650 4 _acambio de profesión
_929054
650 4 _adescripción de ocupaciones
_930470
650 4 _aanálisis de calificaciones
_929964
650 4 _aanálisis de tareas
_929477
650 4 _926752
_aUE
650 4 _929020
_apaís de la UE
650 4 _932032
_a2011-2015
650 4 _928890
_acuadros estadísticos
653 1 0 _aEmpleo
700 1 _aHurley, John
_915061
700 1 _aBisello, Martina
_937744
710 2 _93819
_aFundación Europea para la Mejora de las Condiciones de Vida y de Trabajo
787 0 _tUpgrading or polarisation?, long-term and global shifts in the employment structure : European Jobs Monitor 2015
_w(ES-MaCES)46886
856 4 _uhttp://biblioteca.ces.es/repintra/B48840.pdf
_ytexto completo
_z[intranet]
902 _aELE PUB. ELECTRONICA
942 _2CES
_cBK
_h2.1.